Statistics for 90's RNb

Click here to take the quiz!

General Stats

  • This quiz has been taken 522 times
  • The average score is 9 of 15

Answer Stats

HintAnswer% Correct
Say My NameDestiny Child
92%
Killing me softly with his songLauryn Hill
76%
I will always love youWhitney Houston
76%
CreepTlc
70%
One in A millionAaliyah
63%
Remember the timeMichael Jackson
62%
Keep ya Head upTupac
60%
JuicyBiggie
59%
Gin And JuiceSnoop Dogg
59%
Unbreak My heartToni Braxton
58%
Weakswv
54%
I wanna be downBrandy
49%
Can we talkTevin Campbell
45%
Can You Stand The RainNew Edition
34%
why I love you so much,Monica
28%

Score Distribution

Percentile by Number Answered

Percent of People with Each Score

Your Score History

You have not taken this quiz